[Event "35t. Copenhagen Open (Politiken Cup)"]
[Site "Elsinore"]
[Date "2013.07.31"]
[Round "6"]
[White "Dyrhaug, Sverre S"]
[Black "Edwardsson, Hannu Kalervo"]
[Result "1-0"]
[WhiteElo "1577"]
[BlackElo "1474"]
[PlyCount "82"]
[EventDate "2013.07.27"]
[EventType "swiss"]
[EventRounds "10"]
[EventCountry "DEN"]
[Source "ChessBase"]
[SourceDate "2013.08.26"]

1. e4 e5 2. Nf3 d6 3. d4 exd4 4. Nxd4 Nf6 5. Nc3 Be7 6. Bc4 O-O 7. h3 c5 8.
Nde2 Be6 9. Bxe6 fxe6 10. Nf4 Qd7 11. e5 dxe5 12. Qxd7 Nbxd7 13. Nxe6 Rfc8 14.
Be3 b6 15. O-O-O Rc6 16. Ng5 h6 17. Nge4 Kf7 18. Rd3 Nxe4 19. Nxe4 Nf6 20. Nxf6
Kxf6 21. Rhd1 Rcc8 22. Rd7 Rd8 23. a4 Rxd7 24. Rxd7 a6 25. Rc7 Rd8 26. a5 b5
27. Bxc5 Bxc5 28. Rxc5 Rd6 29. c4 bxc4 30. Rxc4 Ke6 31. Rb4 Rc6+ 32. Kd2 Rd6+
33. Kc3 Rc6+ 34. Kb3 Kf7 35. Rb6 Rc1 36. Rxa6 Rg1 37. Ra7+ Kg8 38. a6 Rxg2 39.
Ra8+ Kh7 40. Rf8 Rg6 41. a7 Ra6 1-0

[Event "35t. Copenhagen Open (Politiken Cup)"]
[Site "Elsinore"]
[Date "2013.07.31"]
[Round "6"]
[White "Egholm, Leif"]
[Black "Jensen, Michael Agermose"]
[Result "0-1"]
[WhiteElo "1793"]
[BlackElo "2066"]
[PlyCount "80"]
[EventDate "2013.07.27"]
[EventType "swiss"]
[EventRounds "10"]
[EventCountry "DEN"]
[Source "ChessBase"]
[SourceDate "2013.08.26"]

1. e4 c5 2. c3 g6 3. d4 cxd4 4. cxd4 d5 5. exd5 Nf6 6. Bc4 Bg7 7. Nc3 Nbd7 8.
d6 exd6 9. Qe2+ Kf8 10. Nf3 h6 11. O-O Nb6 12. Bb3 Bf5 13. Bf4 a6 14. d5 Bg4
15. h3 Bxf3 16. Qxf3 Kg8 17. Rfe1 Kh7 18. Bc2 Rc8 19. Rac1 Qd7 20. g4 Nc4 21.
g5 hxg5 22. Bxg5 Kg8 23. h4 Ne5 24. Qg2 Rc4 25. Ne4 Nxe4 26. Bxe4 Rxc1 27. Rxc1
f6 28. Bf4 Rxh4 29. Bg3 Rg4 30. f4 f5 31. Bb1 Nf7 32. Kh2 g5 33. Qe2 gxf4 34.
Qe6 fxg3+ 35. Kg2 Qb5 36. Rc8+ Bf8 37. b3 Qb6 38. Qxf5 Qf2+ 39. Kh3 Qh2+ 40.
Kxg4 Nh6+ 0-1

[Event "35t. Copenhagen Open (Politiken Cup)"]
[Site "Elsinore"]
[Date "2013.07.31"]
[Round "6"]
[White "Endresen, Ola Torstein"]
[Black "Marshall, Michael"]
[Result "1/2-1/2"]
[WhiteElo "1399"]
[BlackElo "1839"]
[PlyCount "87"]
[EventDate "2013.07.27"]
[EventType "swiss"]
[EventRounds "10"]
[EventCountry "DEN"]
[Source "ChessBase"]
[SourceDate "2013.08.26"]

1. d4 Nf6 2. Nc3 d5 3. Bg5 c5 4. Bxf6 gxf6 5. e3 Nc6 6. Nge2 e6 7. Ng3 cxd4 8.
exd4 Bd7 9. Qd2 Qb6 10. O-O-O h5 11. Kb1 h4 12. Nge2 Bh6 13. Qd3 Na5 14. Nc1
Nc4 15. Nb3 f5 16. Re1 O-O-O 17. g3 Bf8 18. Bg2 a5 19. Nxd5 exd5 20. Bxd5 Nd6
21. Qc3+ Kb8 22. Nc5 Bc6 23. Bxc6 bxc6 24. d5 Ne4 25. Nxe4 Bb4 26. Qe5+ Ka7 27.
Nc3 Rhe8 28. Qf6 Bxc3 29. Qxc3 cxd5 30. Rxe8 Rxe8 31. f4 hxg3 32. Qxg3 d4 33.
Qd3 Qc5 34. h4 Qd5 35. Qf1 Re2 36. a3 Qe4 37. Qd1 Rxc2 38. Qxc2 Qxh1+ 39. Qc1
Qe4+ 40. Ka1 d3 41. Qc5+ Ka6 42. Qd6+ Kb5 43. Qb8+ Ka6 44. Qd6+ 1/2-1/2

[Event "35t. Copenhagen Open (Politiken Cup)"]
[Site "Elsinore"]
[Date "2013.07.31"]
[Round "6"]
[White "Erenburg, Sergey"]
[Black "Aabling Thomsen, Jakob"]
[Result "1-0"]
[WhiteElo "2615"]
[BlackElo "2370"]
[PlyCount "129"]
[EventDate "2013.07.27"]
[EventType "swiss"]
[EventRounds "10"]
[EventCountry "DEN"]
[Source "ChessBase"]
[SourceDate "2013.08.26"]

1. e4 d6 2. d4 Nf6 3. Nc3 g6 4. Be3 c6 5. h3 Nbd7 6. Nf3 Qc7 7. a4 Bg7 8. Be2
O-O 9. O-O e5 10. a5 Re8 11. dxe5 dxe5 12. Bc4 Nf8 13. Qe2 Ne6 14. Rfd1 Nh5 15.
Bb3 Nef4 16. Qd2 Be6 17. Bxe6 Nxe6 18. Qd7 Qb8 19. Ng5 Nxg5 20. Bxg5 Nf4 21.
Be7 Ne6 22. Bd6 Qc8 23. Qxc8 Raxc8 24. Ne2 Nd4 25. Nxd4 exd4 26. f3 c5 27. Kf1
Rc6 28. Bg3 Rce6 29. Ra4 b5 30. axb6 axb6 31. Rda1 f5 32. exf5 gxf5 33. Ra8 Kf7
34. R1a7+ R6e7 35. Rxe7+ Rxe7 36. Rb8 Ra7 37. Ke2 Ra1 38. Rb7+ Kg8 39. Bf4 Rg1
40. Rb8+ Kf7 41. Rb7+ Kg8 42. Kf2 Rb1 43. Rb8+ Kf7 44. Rb7+ Kg8 45. Rxb6 c4 46.
Kg3 d3 47. cxd3 cxd3 48. Rd6 Rxb2 49. Rxd3 Rb5 50. Rd7 Ra5 51. Be3 Be5+ 52. Kh4
Bf6+ 53. Bg5 Bg7 54. Bd2 Ra6 55. Bf4 Rg6 56. g3 Rb6 57. Rd3 Kf7 58. Kh5 Rg6 59.
Rd5 Ke6 60. Ra5 Kf6 61. Be5+ Ke6 62. Bf4 Kf6 63. Ra7 Ke6 64. Bg5 Ke5 65. g4 1-0

[Event "35t. Copenhagen Open (Politiken Cup)"]
[Site "Elsinore"]
[Date "2013.07.31"]
[Round "6"]
[White "Eriksson, Christian Altenburg"]
[Black "Haugli, Petter"]
[Result "1/2-1/2"]
[WhiteElo "2143"]
[BlackElo "2287"]
[PlyCount "77"]
[EventDate "2013.07.27"]
[EventType "swiss"]
[EventRounds "10"]
[EventCountry "DEN"]
[Source "ChessBase"]
[SourceDate "2013.08.26"]

1. e4 c5 2. c3 e6 3. d4 d5 4. e5 Nc6 5. Nf3 Nge7 6. Na3 cxd4 7. cxd4 Nf5 8. Nc2
Bd7 9. Be2 Be7 10. O-O Qb6 11. Rb1 a5 12. g4 Nh4 13. Nxh4 Bxh4 14. Be3 Be7 15.
Qd2 O-O 16. f4 f6 17. exf6 Bxf6 18. Bd3 g6 19. f5 exf5 20. Qg2 Ne7 21. gxf5 Bg7
22. fxg6 hxg6 23. b4 Rxf1+ 24. Qxf1 axb4 25. Rxb4 Qe6 26. Rxb7 Rxa2 27. Rb8+
Kh7 28. Qf4 Nf5 29. Bxf5 Qxf5 30. Qh4+ Qh5 31. Qxh5+ gxh5 32. Rd8 Bh3 33. Rxd5
Kg6 34. Rc5 Bf6 35. Bf2 Rb2 36. Ne1 Rxf2 37. Kxf2 Bxd4+ 38. Kg3 Bxc5 39. Kxh3
1/2-1/2

[Event "35t. Copenhagen Open (Politiken Cup)"]
[Site "Elsinore"]
[Date "2013.07.31"]
[Round "6"]
[White "Fjellengen, Baard"]
[Black "Jacobsen, Per"]
[Result "1-0"]
[WhiteElo "1869"]
[BlackElo "1641"]
[PlyCount "29"]
[EventDate "2013.07.27"]
[EventType "swiss"]
[EventRounds "10"]
[EventCountry "DEN"]
[Source "ChessBase"]
[SourceDate "2013.08.26"]

1. d4 Nf6 2. c4 e5 3. dxe5 Ne4 4. Nf3 Nc6 5. Qd5 Nc5 6. Bd2 d6 7. exd6 Bxd6 8.
Nd4 Ne5 9. Nb5 Be6 10. Nxd6+ cxd6 11. Qd4 Qb6 12. Bc3 O-O 13. b4 Nc6 14. bxc5
Nxd4 15. cxb6 1-0

[Event "35t. Copenhagen Open (Politiken Cup)"]
[Site "Elsinore"]
[Date "2013.07.31"]
[Round "6"]
[White "Frederiksen Kristian, Pade"]
[Black "Eddy, Samuel"]
[Result "0-1"]
[WhiteElo "1823"]
[BlackElo "2096"]
[PlyCount "50"]
[EventDate "2013.07.27"]
[EventType "swiss"]
[EventRounds "10"]
[EventCountry "DEN"]
[Source "ChessBase"]
[SourceDate "2013.08.26"]

1. d4 Nf6 2. c4 c5 3. d5 b5 4. f3 e6 5. e4 exd5 6. cxd5 a6 7. a4 b4 8. Nd2 d6
9. Nc4 Nbd7 10. a5 Be7 11. Bd3 O-O 12. Ne2 Ne8 13. O-O Ne5 14. Nb6 Rb8 15. Bc2
Rxb6 16. axb6 Qxb6 17. Be3 Nc4 18. Bc1 Bf6 19. Ra2 a5 20. b3 Ne5 21. Be3 Nc7
22. h3 Ba6 23. f4 Ng6 24. Bd3 Re8 25. Ng3 Nxd5 0-1

[Event "35t. Copenhagen Open (Politiken Cup)"]
[Site "Elsinore"]
[Date "2013.07.31"]
[Round "6"]
[White "Friedrich, Norbert"]
[Black "Andersen, Mads"]
[Result "1/2-1/2"]
[WhiteElo "2305"]
[BlackElo "2477"]
[PlyCount "40"]
[EventDate "2013.07.27"]
[EventType "swiss"]
[EventRounds "10"]
[EventCountry "DEN"]
[Source "ChessBase"]
[SourceDate "2013.08.26"]

1. e4 e5 2. Nf3 Nc6 3. Nc3 Nf6 4. d4 exd4 5. Nxd4 Bb4 6. Nxc6 bxc6 7. Bd3 d5 8.
exd5 cxd5 9. O-O O-O 10. Bg5 c6 11. Qf3 Be7 12. Rae1 Rb8 13. Nd1 Be6 14. h3 h6
15. Bxh6 gxh6 16. Rxe6 fxe6 17. Qg3+ Kh8 18. Qg6 Qe8 19. Qxh6+ Kg8 20. Qg5+ Kh8
1/2-1/2

[Event "35t. Copenhagen Open (Politiken Cup)"]
[Site "Elsinore"]
[Date "2013.07.31"]
[Round "6"]
[White "Gandrud, Vegar Koi"]
[Black "Carnstam, Tomas"]
[Result "1/2-1/2"]
[WhiteElo "2267"]
[BlackElo "2052"]
[PlyCount "147"]
[EventDate "2013.07.27"]
[EventType "swiss"]
[EventRounds "10"]
[EventCountry "DEN"]
[Source "ChessBase"]
[SourceDate "2013.08.26"]

1. d4 g6 2. c4 Bg7 3. Nf3 c5 4. d5 d6 5. e4 Nf6 6. Nc3 O-O 7. h3 e5 8. Bg5 Bd7
9. Qd2 Qa5 10. Bd3 Na6 11. O-O Nc7 12. a3 b6 13. b4 Qa6 14. b5 Qb7 15. Rfb1 a6
16. bxa6 Rxa6 17. Rb3 Rfa8 18. Qb2 Qa7 19. Rb1 Rxa3 20. Rxb6 Nfe8 21. Rb7 Qa6
22. Bd2 Ra1 23. Kh2 Rxb1 24. Qxb1 Bc8 25. Rb2 Qa1 26. Qc2 f5 27. Rb1 Qa3 28.
Rb3 Qa6 29. exf5 gxf5 30. Bxf5 Bxf5 31. Qxf5 Qxc4 32. Rb7 Qa6 33. Rxc7 Nxc7 34.
Ng5 Qc8 35. Qxh7+ Kf8 36. Nge4 Ne8 37. Bh6 Bxh6 38. Qxh6+ Ke7 39. Qg5+ Kd7 40.
Nb5 Ra6 41. Qg8 Ke7 42. Qh7+ Kd8 43. Qh4+ Kd7 44. Qg4+ Kd8 45. Qg5+ Kd7 46.
Nf6+ Nxf6 47. Qg7+ Kd8 48. Qxf6+ Kd7 49. Qf7+ Kd8 50. g4 Rb6 51. Qf6+ Kd7 52.
Na7 Qg8 53. g5 Rb7 54. Nc6 Qxd5 55. Na5 Rb8 56. Qg7+ Kc8 57. Qe7 Qf3 58. Qe8+
Kc7 59. Qe7+ Kb6 60. Qxd6+ Kxa5 61. Qxb8 Qxf2+ 62. Kh1 Qe1+ 63. Kg2 Qd2+ 64.
Kf3 Qxg5 65. Ke4 Qg2+ 66. Kd3 Qxh3+ 67. Kc4 Qg4+ 68. Kxc5 Qd4+ 69. Kc6 Qc4+ 70.
Kd6 e4 71. Ke5 Qd3 72. Qa8+ Kb4 73. Qxe4+ Qxe4+ 74. Kxe4 1/2-1/2

[Event "35t. Copenhagen Open (Politiken Cup)"]
[Site "Elsinore"]
[Date "2013.07.31"]
[Round "6"]
[White "Garberg, Tore"]
[Black "Smagin, Nikita"]
[Result "0-1"]
[WhiteElo "1914"]
[BlackElo "2081"]
[PlyCount "90"]
[EventDate "2013.07.27"]
[EventType "swiss"]
[EventRounds "10"]
[EventCountry "DEN"]
[Source "ChessBase"]
[SourceDate "2013.08.26"]

1. Nf3 f5 2. d3 g6 3. c4 Bg7 4. Nc3 Nf6 5. g3 O-O 6. Bg2 d6 7. b3 Ne4 8. dxe4
Bxc3+ 9. Bd2 Bxa1 10. Qxa1 e5 11. Bg5 Qe8 12. Bh6 Rf6 13. Ng5 f4 14. gxf4 Rxf4
15. h4 Nc6 16. e3 Rf6 17. Bf3 Nd8 18. Be2 Nf7 19. Nxf7 Qxf7 20. f4 exf4 21.
exf4 Rxf4 22. Bxf4 Qxf4 23. Qd4 Qe5 24. Qd3 Bd7 25. Qd5+ Qxd5 26. exd5 Rf8 27.
Rh2 Kg7 28. Kd2 a5 29. a3 h6 30. b4 axb4 31. axb4 Ra8 32. Rh1 Ra4 33. b5 Bf5
34. Rg1 Kf6 35. Rf1 Ke5 36. Kc3 Ra2 37. Re1 Rc2+ 38. Kb3 Kd4 39. Bf1 Rf2 40.
Kb4 Rb2+ 41. Ka3 Rb1 42. Re7 Rxf1 43. Rxc7 Kc3 44. Ka2 Bb1+ 45. Ka3 Bc2 0-1

[Event "35t. Copenhagen Open (Politiken Cup)"]
[Site "Elsinore"]
[Date "2013.07.31"]
[Round "6"]
[White "Grandelius, Nils"]
[Black "Glud, Jakob Vang"]
[Result "1/2-1/2"]
[WhiteElo "2573"]
[BlackElo "2520"]
[PlyCount "58"]
[EventDate "2013.07.27"]
[EventType "swiss"]
[EventRounds "10"]
[EventCountry "DEN"]
[Source "ChessBase"]
[SourceDate "2013.08.26"]

1. e4 e5 2. Nf3 Nc6 3. Bb5 a6 4. Ba4 Nf6 5. O-O Be7 6. d3 d6 7. c3 O-O 8. Nbd2
b5 9. Bb3 Na5 10. Bc2 c5 11. Re1 Nc6 12. Nf1 Re8 13. h3 h6 14. Ng3 Be6 15. d4
cxd4 16. cxd4 exd4 17. Ne2 Nb4 18. Nexd4 Nxc2 19. Qxc2 Rc8 20. Qd3 Bc4 21. Qd1
Bf8 22. b3 Be6 23. Bb2 Bd7 24. e5 dxe5 25. Nxe5 Be6 26. a4 Qb6 27. axb5 axb5
28. Nxe6 Rxe6 29. Bd4 Qd6 1/2-1/2

[Event "35t. Copenhagen Open (Politiken Cup)"]
[Site "Elsinore"]
[Date "2013.07.31"]
[Round "6"]
[White "Greibrokk, Ingrid Andrea"]
[Black "Borg, Flemming"]
[Result "1/2-1/2"]
[WhiteElo "1598"]
[BlackElo "1855"]
[PlyCount "117"]
[EventDate "2013.07.27"]
[EventType "swiss"]
[EventRounds "10"]
[EventCountry "DEN"]
[Source "ChessBase"]
[SourceDate "2013.08.26"]

1. e4 Nf6 2. e5 Nd5 3. d4 d6 4. Nf3 Bg4 5. Be2 e6 6. h3 Bh5 7. O-O Be7 8. b3
O-O 9. Bb2 c5 10. dxc5 dxc5 11. Nbd2 Nc6 12. Re1 a6 13. a4 Nf4 14. Bf1 Nb4 15.
Re4 Bg5 16. g3 Nfd5 17. Bg2 Bg6 18. Nxg5 Qxg5 19. Nf3 Qe7 20. Re2 Rfd8 21. Qc1
Rac8 22. Nh4 Bh5 23. Bf3 Bxf3 24. Nxf3 c4 25. Qg5 Qe8 26. Nd4 cxb3 27. cxb3 Nc3
28. Bxc3 Rxc3 29. Rd2 h6 30. Qg4 Rd3 31. Rxd3 Nxd3 32. Nf3 Rd5 33. Qe4 Qc6 34.
Qc4 Nxe5 35. Nxe5 Rxe5 36. Qxc6 bxc6 37. Rc1 c5 38. Rd1 Rd5 39. Rc1 Kf8 40. Kf1
Ke7 41. Ke2 Kd6 42. Rc4 Rd4 43. Rc3 Kd5 44. f3 a5 45. Ke3 c4 46. bxc4+ Rxc4 47.
Rd3+ Kc5 48. Rd7 Rxa4 49. Rxf7 g5 50. Rf6 Ra3+ 51. Kf2 Rb3 52. Rxe6 a4 53. Ra6
a3 54. f4 gxf4 55. gxf4 Rxh3 56. f5 a2 57. Kg2 Rh4 58. Rxa2 Kd6 59. Rf2 1/2-1/2

[Event "35t. Copenhagen Open (Politiken Cup)"]
[Site "Elsinore"]
[Date "2013.07.31"]
[Round "6"]
[White "Hansen, Ib Lynaes"]
[Black "Christiansen, Niels Jorgen"]
[Result "1-0"]
[WhiteElo "1895"]
[BlackElo "1669"]
[PlyCount "49"]
[EventDate "2013.07.27"]
[EventType "swiss"]
[EventRounds "10"]
[EventCountry "DEN"]
[Source "ChessBase"]
[SourceDate "2013.08.26"]

1. c4 g6 2. d4 Bg7 3. Nc3 e6 4. e4 Ne7 5. Nf3 O-O 6. h4 d6 7. h5 c5 8. hxg6
fxg6 9. Bh6 Nec6 10. Bxg7 Kxg7 11. Qd2 h5 12. O-O-O Qf6 13. Nb5 Na6 14. Nxd6
cxd4 15. Nxd4 Nxd4 16. Qxd4 e5 17. Qc3 Be6 18. f3 b6 19. Be2 Rad8 20. Nb5 Rxd1+
21. Rxd1 Rf7 22. Bf1 Nc5 23. b4 a6 24. Nd6 Rc7 25. Ne8+ 1-0

[Event "35t. Copenhagen Open (Politiken Cup)"]
[Site "Elsinore"]
[Date "2013.07.31"]
[Round "6"]
[White "Hansen, Morten Moller"]
[Black "Nordstrom, Hakon N"]
[Result "1/2-1/2"]
[WhiteElo "2126"]
[BlackElo "1830"]
[PlyCount "132"]
[EventDate "2013.07.27"]
[EventType "swiss"]
[EventRounds "10"]
[EventCountry "DEN"]
[Source "ChessBase"]
[SourceDate "2013.08.26"]

1. d4 e6 2. c4 f5 3. Nf3 c6 4. Nc3 Nf6 5. Qc2 d5 6. e3 Bd6 7. Bd3 O-O 8. a3 Ne4
9. b4 Nd7 10. Bb2 Ndf6 11. h3 Bd7 12. Ne5 Be8 13. Ne2 Nd7 14. h4 Qc7 15. f3
Nxe5 16. dxe5 Bxe5 17. fxe4 fxe4 18. Bxe4 dxe4 19. O-O-O Bh5 20. Rd2 Rf2 21.
Nd4 Rxd2 22. Qxd2 Rd8 23. Rf1 Bf6 24. Nxe6 Rxd2 25. Nxc7 Rxb2 26. Rxf6 gxf6 27.
Kxb2 Bf3 28. g3 Kf7 29. b5 Ke7 30. bxc6 bxc6 31. Kc3 Kd7 32. Na6 Kd6 33. Kd4 f5
34. a4 Bh5 35. a5 Be8 36. Nc5 Bf7 37. Nb7+ Kc7 38. Nc5 Kd6 39. a6 Be6 40. Nb7+
Kc7 41. Kc5 Bf7 42. Nd6 Bg6 43. h5 Bxh5 44. Nxf5 Bg4 45. Nd6 Bd7 46. Nxe4 Bc8
47. Nf6 h6 48. Ng8 Bxa6 49. Nxh6 Bc8 50. Nf7 a5 51. Ne5 a4 52. Kb4 Kd6 53. Nf3
Ke6 54. Kxa4 Kf5 55. Nd2 Kg4 56. Kb4 Kxg3 57. Kc5 Kf2 58. e4 Ke3 59. Kxc6 Kxd2
60. e5 Kc3 61. c5 Kc4 62. Kd6 Kb5 63. c6 Kb6 64. c7 Bh3 65. e6 Bxe6 66. Kxe6
Kxc7 1/2-1/2

[Event "35t. Copenhagen Open (Politiken Cup)"]
[Site "Elsinore"]
[Date "2013.07.31"]
[Round "6"]
[White "Hansen, Rasmus Agertoft"]
[Black "Madison, Sigurd"]
[Result "0-1"]
[WhiteElo "1945"]
[BlackElo "1792"]
[PlyCount "78"]
[EventDate "2013.07.27"]
[EventType "swiss"]
[EventRounds "10"]
[EventCountry "DEN"]
[Source "ChessBase"]
[SourceDate "2013.08.26"]

1. e4 e5 2. Nf3 Nc6 3. Bb5 a6 4. Ba4 Nf6 5. O-O b5 6. Bb3 Be7 7. Re1 O-O 8. a4
b4 9. c3 d6 10. d3 a5 11. Nbd2 Rb8 12. Nf1 Bb7 13. Ng3 Nd7 14. Nf5 Bf6 15. g4
Qe8 16. g5 Bd8 17. N3h4 Ne7 18. Qh5 Kh8 19. Re3 g6 20. Qh6 gxf5 21. Nxf5 Nxf5
22. exf5 Rg8 23. Rh3 Nf8 24. cxb4 axb4 25. Bd2 Qc6 26. f3 d5 27. Qh5 Qd7 28. d4
Qxf5 29. Kf2 Bxg5 30. Rg1 Ne6 31. dxe5 c5 32. Ba2 d4 33. Bxe6 Be3+ 34. Bxe3
dxe3+ 35. Kxe3 Qxh5 36. Rxg8+ Rxg8 37. Rxh5 fxe6 38. Rh6 Rg6 39. Rh4 Bd5 0-1

[Event "35t. Copenhagen Open (Politiken Cup)"]
[Site "Elsinore"]
[Date "2013.07.31"]
[Round "6"]
[White "Hansen, Sune Berg"]
[Black "Edouard, Romain"]
[Result "1/2-1/2"]
[WhiteElo "2549"]
[BlackElo "2662"]
[PlyCount "20"]
[EventDate "2013.07.27"]
[EventType "swiss"]
[EventRounds "10"]
[EventCountry "DEN"]
[Source "ChessBase"]
[SourceDate "2013.08.26"]

1. Nf3 c5 2. c4 Nf6 3. Nc3 Nc6 4. d4 cxd4 5. Nxd4 e6 6. a3 Be7 7. e4 O-O 8. Nf3
Qc7 9. Be2 b6 10. O-O Bb7 1/2-1/2

[Event "35t. Copenhagen Open (Politiken Cup)"]
[Site "Elsinore"]
[Date "2013.07.31"]
[Round "6"]
[White "Hansen, Tommy"]
[Black "Kyrkjebo, Hanna Bakken"]
[Result "1-0"]
[WhiteElo "1804"]
[BlackElo "1577"]
[PlyCount "79"]
[EventDate "2013.07.27"]
[EventType "swiss"]
[EventRounds "10"]
[EventCountry "DEN"]
[Source "ChessBase"]
[SourceDate "2013.08.26"]

1. e4 e5 2. Nf3 Nc6 3. Bb5 a6 4. Ba4 Nf6 5. Qe2 b5 6. Bb3 Be7 7. c3 d6 8. O-O
O-O 9. Rd1 Na5 10. Bc2 c5 11. d4 Qc7 12. d5 Nc4 13. b3 Nb6 14. h3 Bd7 15. Nbd2
Rfc8 16. Nf1 a5 17. c4 a4 18. Bg5 axb3 19. axb3 bxc4 20. bxc4 Ra7 21. Ne3 Rca8
22. Rxa7 Rxa7 23. Qd3 g6 24. Rb1 Ba4 25. Bxa4 Rxa4 26. Qb3 Rb4 27. Qc2 Rxb1+
28. Qxb1 Na4 29. Bxf6 Bxf6 30. Ng4 Be7 31. Qb5 Nb6 32. h4 Kg7 33. g3 Qd7 34.
Qxd7 Nxd7 35. Nd2 Bd8 36. Kf1 f5 37. exf5 gxf5 38. Ne3 Kf6 39. f3 Nf8 40. Kg2
1-0

[Event "35t. Copenhagen Open (Politiken Cup)"]
[Site "Elsinore"]
[Date "2013.07.31"]
[Round "6"]
[White "Heedt, Thorsten"]
[Black "Thiry, Jean Christophe"]
[Result "1-0"]
[WhiteElo "2173"]
[BlackElo "1981"]
[PlyCount "81"]
[EventDate "2013.07.27"]
[EventType "swiss"]
[EventRounds "10"]
[EventCountry "DEN"]
[Source "ChessBase"]
[SourceDate "2013.08.26"]

1. e4 e5 2. Nf3 d6 3. d4 Nf6 4. Nc3 Nbd7 5. Bc4 Be7 6. O-O O-O 7. Re1 c6 8. a4
b6 9. b3 a6 10. d5 c5 11. Qe2 Ne8 12. Rf1 g6 13. Bh6 Ng7 14. Qd2 Nf6 15. h3 Kh8
16. Nh2 Ng8 17. Be3 Qc7 18. Rae1 Bd7 19. g4 Qb7 20. f4 f6 21. f5 g5 22. h4 h6
23. Nf3 b5 24. Bd3 c4 25. bxc4 bxc4 26. Be2 Rfc8 27. Rb1 Qc7 28. Bb6 Qb8 29.
Kg2 Rc7 30. Bxc7 Qxc7 31. Rh1 Qd8 32. Bxc4 Ne8 33. Bd3 Kg7 34. Rb7 Bc8 35. Rb2
Qa5 36. Rhb1 Bd7 37. Rb7 Rc8 38. Rxd7 Qxc3 39. Qxc3 Rxc3 40. Rbb7 Kf7 41. Ra7
1-0

[Event "35t. Copenhagen Open (Politiken Cup)"]
[Site "Elsinore"]
[Date "2013.07.31"]
[Round "6"]
[White "Henriksen, Geir Ivar"]
[Black "Hanssen, Johnny"]
[Result "1/2-1/2"]
[WhiteElo "2215"]
[BlackElo "1879"]
[PlyCount "83"]
[EventDate "2013.07.27"]
[EventType "swiss"]
[EventRounds "10"]
[EventCountry "DEN"]
[Source "ChessBase"]
[SourceDate "2013.08.26"]

1. c4 e5 2. g3 Nf6 3. Bg2 Nc6 4. Nc3 Bb4 5. Nd5 Bc5 6. e3 O-O 7. Ne2 Nxd5 8.
cxd5 Ne7 9. O-O c6 10. d4 exd4 11. exd4 Bd6 12. Bf4 Bxf4 13. Nxf4 cxd5 14. Re1
Nc6 15. Qd2 d6 16. Nxd5 Be6 17. Nf4 Bd7 18. h4 Qf6 19. Rad1 Rae8 20. Rxe8 Rxe8
21. Bxc6 bxc6 22. d5 Qd8 23. b4 Qb6 24. Re1 Rxe1+ 25. Qxe1 Kf8 26. Qe4 g6 27.
Qc2 c5 28. bxc5 dxc5 29. Qc3 Qb4 30. Qh8+ Ke7 31. Qe5+ Kf8 32. Qh8+ Ke7 33.
Qe5+ Kf8 34. h5 Qb1+ 35. Kg2 Kg8 36. h6 Kf8 37. Qd6+ Ke8 38. Qe5+ Kd8 39. Qh8+
Ke7 40. Qe5+ Kd8 41. Qf6+ Ke8 42. Qe5+ 1/2-1/2

[Event "35t. Copenhagen Open (Politiken Cup)"]
[Site "Elsinore"]
[Date "2013.07.31"]
[Round "6"]
[White "Hobber, Anders"]
[Black "Bekker Jensen, Simon"]
[Result "0-1"]
[WhiteElo "2278"]
[BlackElo "2414"]
[PlyCount "60"]
[EventDate "2013.07.27"]
[EventType "swiss"]
[EventRounds "10"]
[EventCountry "DEN"]
[Source "ChessBase"]
[SourceDate "2013.08.26"]

1. d4 Nf6 2. Nf3 g6 3. Nc3 d5 4. Bf4 Bg7 5. e3 O-O 6. Be2 c5 7. Ne5 Nc6 8. O-O
Bf5 9. Qd2 Rc8 10. Rfd1 cxd4 11. exd4 a6 12. Nxc6 Rxc6 13. Be5 Qd7 14. Bf3 Rfc8
15. Bxf6 Rxf6 16. Rac1 Rd6 17. Ne2 Qa4 18. Nc3 Qd7 19. Ne2 Qa4 20. Nc3 Qa5 21.
a3 Be6 22. Rb1 Rc4 23. Nxd5 Qxd2 24. Nxe7+ Kf8 25. Nxg6+ hxg6 26. Rxd2 Bh6 27.
Re2 Rcxd4 28. Bxb7 Rd1+ 29. Re1 Rxe1+ 30. Rxe1 Rb6 0-1

[Event "35t. Copenhagen Open (Politiken Cup)"]
[Site "Elsinore"]
[Date "2013.07.31"]
[Round "6"]
[White "Holm, Kristian Stuvik"]
[Black "Lund, Silas"]
[Result "1/2-1/2"]
[WhiteElo "2255"]
[BlackElo "2421"]
[PlyCount "80"]
[EventDate "2013.07.27"]
[EventType "swiss"]
[EventRounds "10"]
[EventCountry "DEN"]
[Source "ChessBase"]
[SourceDate "2013.08.26"]

1. Nf3 Nf6 2. c4 b6 3. g3 Bb7 4. Bg2 e6 5. O-O Be7 6. Nc3 O-O 7. d4 Ne4 8. Qc2
Nxc3 9. Qxc3 c5 10. Rd1 d6 11. b3 Bf6 12. Bb2 Qc7 13. Qc2 cxd4 14. Bxd4 Nd7 15.
Rac1 a6 16. Bxf6 Nxf6 17. Qd3 Rfd8 18. Nd4 Rac8 19. Bxb7 Qxb7 20. Nf3 h6 21.
Qd4 Rd7 22. Qf4 e5 23. Qf5 b5 24. cxb5 Rxc1 25. Rxc1 axb5 26. Qc2 Qe4 27. Qd2
Rd8 28. Rc5 Qb1+ 29. Rc1 Qf5 30. Qa5 Rf8 31. Qxb5 Qh3 32. e3 e4 33. Nd2 Ng4 34.
Nf1 Ne5 35. Nd2 Ng4 36. Nf1 Ne5 37. Nd2 Nd3 38. Rf1 Ne5 39. Rc1 Ng4 40. Nf1 Ne5
1/2-1/2

[Event "35t. Copenhagen Open (Politiken Cup)"]
[Site "Elsinore"]
[Date "2013.07.31"]
[Round "6"]
[White "Jacobsen, Fredrik Beer"]
[Black "Kopperberg, Steen"]
[Result "1-0"]
[WhiteElo "1935"]
[BlackElo "1777"]
[PlyCount "97"]
[EventDate "2013.07.27"]
[EventType "swiss"]
[EventRounds "10"]
[EventCountry "DEN"]
[Source "ChessBase"]
[SourceDate "2013.08.26"]

1. e4 e6 2. d4 d5 3. Nd2 dxe4 4. Nxe4 Bd7 5. Nf3 Bc6 6. Bd3 Nd7 7. O-O Ngf6 8.
Ng3 Bd6 9. Re1 O-O 10. c3 Re8 11. Ne5 Nf8 12. Nxc6 bxc6 13. Ne4 Ng6 14. Qa4
Bxh2+ 15. Kxh2 Ng4+ 16. Kg1 Qh4 17. Ng3 Qh2+ 18. Kf1 f5 19. Qxc6 f4 20. Rxe6
Rf8 21. Nf5 f3 22. Qxf3 Qh1+ 23. Ke2 Nh2 24. Qg3 Nf1 25. Qh3 Nh2 26. Rxg6 Qf1+
27. Kd2 Qxf2+ 28. Kd1 hxg6 29. Ne7+ Kf7 30. Bxg6+ Kxe7 31. Bg5+ Rf6 32. Qxh2
Qf1+ 33. Kc2 Qe2+ 34. Bd2 Kd7 35. Qh3+ Kd6 36. Bd3 Qe8 37. Re1 Qa4+ 38. Kb1
Raf8 39. b3 Qa5 40. Bf4+ Kc6 41. Re5 Qa3 42. Qf3+ Kd7 43. Qd5+ Rd6 44. Bb5+ c6
45. Bxc6+ Kd8 46. Bg5+ Kc8 47. Qb5 Rxc6 48. Qxc6+ Kb8 49. Rb5# 1-0

[Event "35t. Copenhagen Open (Politiken Cup)"]
[Site "Elsinore"]
[Date "2013.07.31"]
[Round "6"]
[White "Jensen, Ib"]
[Black "Jorgensen, Orla Eilegaard"]
[Result "1-0"]
[WhiteElo "1977"]
[BlackElo "1614"]
[PlyCount "43"]
[EventDate "2013.07.27"]
[EventType "swiss"]
[EventRounds "10"]
[EventCountry "DEN"]
[Source "ChessBase"]
[SourceDate "2013.08.26"]

1. d4 Nf6 2. Nf3 d5 3. e3 e6 4. Bd3 Nbd7 5. O-O c5 6. b3 cxd4 7. exd4 Bd6 8.
Bb2 b6 9. Nbd2 a5 10. Ne5 Ba6 11. c4 O-O 12. Qf3 Rc8 13. Qh3 h6 14. f4 Bxe5 15.
fxe5 Nh7 16. Ba3 Ng5 17. Qg3 Re8 18. Bd6 dxc4 19. bxc4 Nb8 20. h4 Nh7 21. Rxf7
Kxf7 22. Qg6+ 1-0